Регионална библиотека "Любен Каравелов" - Русе

Травиата (Запис номер 397384)

MARC детайли
000 -Лидер
Контролно поле с фиксирана дължина 00996nam a2200277 a 4500
003 - Код на организацията, давaща контролен номер
Контролно поле BLK
005 - Дата и час на последна редакция
Контролно поле 20231121142905.0
008 - Елементи от данни с фиксирана дължина
fixed length control field 210208b bu |||||r|||| 00| 0 bu d
040 ## - Източник на каталожния запис
Идентификатор на билиотеката - собственик на записа BLK
041 ## - Код за език
Код за езика на текст/звукозапис или на отделно заглавие Български
Код за езика КДБФ Български
080 ## - УДК
Текстов определител УДК Театрална музика. Опера. Оперета. Балет
УДК код - определител по УДК 782
УДК - код + определител 782
245 ## - Сведения за заглавието
Заглавие Травиата
Подзаглавни данни опера в три действия
Редно поле (дума) Джузепе Верди, либрето Франческо Пиаве
260 ## - Област на издателските данни
9 (RLIN) 440559
Място на издаване, разпространение и проч. София
Име на издателя, разпространителя и проч. Национална опера - София
Година на издаване 1996
300 ## - Физическа характеристика
Страници 55с
Размери/Мащаб 31 см
380 ## - Жанр
Жанр Изкуство
650 #7 - Допълнително описание по предмет – тема
9 (RLIN) 165008
Основно описание – тема или топоним Опера
650 #7 - Допълнително описание по предмет – тема
9 (RLIN) 159735
Основно описание – тема или топоним Критика
653 #7 - Ключова дума – ненормативна
Ключова дума опера
9 (RLIN) 192829
700 1# - Други автори (авторска отговорност)
Лично име Верди, Джузепе
9 (RLIN) 47626
700 ## - Други автори (авторска отговорност)
9 (RLIN) 653
Лично име Пиаве, Франческо Мариа
Автороска отговорност (Описва отношението между автора и произведението) либрето
852 ## - Местоположение
Форматна сигнатура Цб ІІ 8677
Фондова буква Хранилище
999 ## - СИСТЕМНИ КОНТРОЛНИ НОМЕРА
Koha biblionumber 397384
Koha biblioitemnumber 397384
942 ## - АРТИКУЛИ
Вид на библиотечния материал Книги
Скрит в OPAC Не
Периодичен библиозапис Да
944 ## - СЪЗДАВАНЕ И РЕДАКЦИЯ на ЗАПИСА
Създаване/Редакция Създаване
Дата на регистрацията/редакция 2021-02-08
Служител, извършил регистрацията/редакцията 30560
Статус, дата на статуса Геновева Генчева
999 ## - СИСТЕМНИ КОНТРОЛНИ НОМЕРА
Koha biblioitemnumber 397384
999 ## - СИСТЕМНИ КОНТРОЛНИ НОМЕРА
Koha biblioitemnumber 397384
Наличности
Код за отписване Код за изгубен артикул Източник на класификационната схема Код за повреда Коз за рестрикции Код за отдаване Артикулен № Име на библиотеката - собственик Име на библиотеката, в която се намира в момента Статус (Текущо местоположение) Дата на вписване в системата Местоположение - отдел Цена в лева Инвентарен номер Систематично азбучна сигнатура Баркод Цена в евро Служебен тип на артикула
  Не е изгубен Universal Decimal Classification Не е повреден само за читалня ползва се в читалня 811378 Регионална библиотека "Любен Каравелов" Русе Регионална библиотека "Любен Каравелов" Русе Хранилище 2021-02-10 Хранилище 0.00 623180 Цб ІІ 8677 120000623180 0.00 Книги
Vip Innovations Ltd, Rousse, Bulgaria 2025